00715 a2200193 4500022001200000050002300012100002700035110003400062245018400096264004600280300001100326500004900337650003000386650001900416651001800435700002400453700002700477710001700504 Ino issn00aKTL19.A35 SOU 1971 aDuncan, Graemeeeditor aSupreme Court of South Africa04aSouth African law reports 1971(3) July : bDecisions of the Supreme Court of South Africa, South-West Africa division, High court of Rhodesia /cGraeme Duncan, M. Barnett ...et al aSouth Africa:bJuta and Company LTDc1971 a301p.: aIncludes bibliographical reference and index 0aLaw reports, digests, etc 0aTable of cases 7aSouth Africa.1 aBarnett, M.eeditor1 aBuchanan, J.L.eeditor1 aSouth Africa